Marcatori dei Paesi Bassi ai Mondiali - Brasile 2014 - Statistics

Statistiche generali
  • Questo quiz è stato fatto 8 volte
  • Il punteggio medio è 10 su 15
Statistiche sulle risposte
Partita Minuto Marcatore % Corretto
Spagna - Paesi Bassi 1-5 53' Arjen Robben
88%
Spagna - Paesi Bassi 1-5 80' Arjen Robben
88%
Australia - Paesi Bassi 2-3 20' Arjen Robben
88%
Spagna - Paesi Bassi 1-5 44' Robin van Persie
88%
Spagna - Paesi Bassi 1-5 72' Robin van Persie
88%
Australia - Paesi Bassi 2-3 58' Robin van Persie
88%
Brasile - Paesi Bassi 0-3 3' Robin van Persie
88%
Spagna - Paesi Bassi 1-5 64' Stefan de Vrij
75%
Paesi Bassi - Messico 2-1 88' Wesley Sneijder
63%
Brasile - Paesi Bassi 0-3 91' Georginio Wijnaldum
50%
Paesi Bassi - Messico 2-1 94' Klaas-Jan Huntelaar
50%
Brasile - Paesi Bassi 0-3 17' Daley Blind
38%
Australia - Paesi Bassi 2-3 68' Memphis Depay
38%
Paesi Bassi - Cile 2-0 92' Memphis Depay
38%
Paesi Bassi - Cile 2-0 77' Leroy Fer
0%
Nessun quiz corrispondente trovato
Distribuzione punteggi
Percentuale di utenti per punteggio
Percentile per numero di risposta
I tuoi punteggi nel tempo
Non hai fatto questo quiz